Những mẩu chuyện lịch sử thế giới Tập 1
Cuốn sách này giới thiệu những sự kện, nhân vật lịch sử, những công trình nghệ thuật thế giới độc đáo thời cổ đại và trung đại.
Gorde:
| Egile nagusia: | |
|---|---|
| Beste egile batzuk: | , , |
| Formatua: | Liburua |
| Hizkuntza: | Vietnamese |
| Argitaratua: |
H.
Giáo dục Việt Nam
2012
|
| Edizioa: | Tái bản lần thứ 9 |
| Gaiak: | |
| Etiketak: |
Etiketa erantsi
Etiketarik gabe, Izan zaitez lehena erregistro honi etiketa jartzen!
|
| Thư viện lưu trữ: | Thư viện Trường Đại học Nam Cần Thơ |
|---|
| LEADER | 01247nam a22002417a 4500 | ||
|---|---|---|---|
| 001 | NCT_78444 | ||
| 008 | 181109b xxu||||| |||| 00| 0 vie d | ||
| 999 | |c 3826 |d 3826 | ||
| 020 | |c 44000 | ||
| 082 | 0 | 4 | |2 23rd ed. |a 909 |b A105/T.1 |
| 100 | 1 | |a Đặng Đức An |e Chủ biên | |
| 245 | 1 | 0 | |a Những mẩu chuyện lịch sử thế giới |n Tập 1 |c Đặng Đức Anh (chủ biên) |
| 250 | |a Tái bản lần thứ 9 | ||
| 260 | |a H. |b Giáo dục Việt Nam |c 2012 | ||
| 300 | |a 295 tr. |c 21cm | ||
| 520 | 3 | |a Cuốn sách này giới thiệu những sự kện, nhân vật lịch sử, những công trình nghệ thuật thế giới độc đáo thời cổ đại và trung đại. | |
| 653 | |a Sách tham khảo | ||
| 700 | 1 | |a Lại Bích Ngọc |e Sưu tầm và tuyển chọn | |
| 700 | 1 | |a Đặng Thanh Tịnh |e Sưu tầm và tuyển chọn | |
| 700 | 1 | |a Đặng Thanh Toán |e Sưu tầm và tuyển chọn | |
| 942 | |2 ddc |c BK | ||
| 952 | |0 0 |1 0 |2 ddc |4 0 |6 909_000000000000000_A105_T_1 |7 0 |9 19444 |a 000001 |b 000001 |d 2020-04-23 |o 909 A105/T.1 |p TK.00472 |r 2020-04-23 |v 44000.00 |w 2020-04-23 |y BK | ||
| 980 | |a Thư viện Trường Đại học Nam Cần Thơ | ||